=LDR 00000nam 2200000 4500 =001 INLIS000000000020101 =005 20130612115103 =008 ***********************************Ind** =035 ##$$0010-061300000020101 =041 ##$$a Ind =082 ##$$a 810 =090 ##$$a 810, Ram a =100 ##$$a Rampan, Korrie Layun =245 ##$$a Angkatan 2000 dalam sastra indonesia, oleh Korrie Layun Rampan =260 ##$$a 2000 $b Jakarta =300 ##$$a iv, 782 hlm, ilus, 21 cm =650 ##$$a Kesusastraan Indonesia-Angkatan 2000 =850 ##$$a NBPNMAT =990 ##$$a 0001/BPAP-NTB/2016